000 00638nam a2200217Ia 4500
001 10852
003 GE_BSU
008 181216s||||||||xx |||||||||||||| ||und||
040 _cGE_BSU
080 _a821.353.1–32
100 _aქავჟარაძე,იროდიონ
245 _aშაქრულა.
245 _bმოთხრობა.
245 _cრედ.ნ.ხომერიკი;მხატვ.ვ.ხიდეშელი.
260 _aთბილისი.
260 _bმერანი.
260 _c1973.
300 _a130გვ;16სმ.
653 _aშაქრულა.
942 _cBK
999 _c44094
_d44094